ARRUPE JESUIT UNIVERSITY

CORONAVIRUS -STOP THE SPREAD - CLEAN,DISINFECT,COVER

Ethical decisions for social work practice. (Record no. 131952)

MARC details
000 -LEADER
fixed length control field 01290cam a2200325 a 4500
001 - CONTROL NUMBER
control field 15378551
003 - CONTROL NUMBER IDENTIFIER
control field ARRUPE
005 - DATE AND TIME OF LATEST TRANSACTION
control field 20250403080009.0
008 - FIXED-LENGTH DATA ELEMENTS--GENERAL INFORMATION
fixed length control field 080723s2009 caua b 001 0 eng
010 ## - LIBRARY OF CONGRESS CONTROL NUMBER
LC control number 2007905724
020 ## - INTERNATIONAL STANDARD BOOK NUMBER
International Standard Book Number 9780495506331 (pbk.)
020 ## - INTERNATIONAL STANDARD BOOK NUMBER
International Standard Book Number 0495506338 (pbk.)
040 ## - CATALOGING SOURCE
Original cataloging agency AJU
Transcribing agency RDA
Modifying agency RDA
043 ## - GEOGRAPHIC AREA CODE
Geographic area code n-us---
050 00 - LIBRARY OF CONGRESS CALL NUMBER
Classification number HV43
Item number .D59 2009
300 ## - PHYSICAL DESCRIPTION
Other physical details ilustrations. ;
Dimensions 24 cm.
100 1# - MAIN ENTRY--PERSONAL NAME
Personal name Dolgoff, Ralph.
9 (RLIN) 52867
245 10 - TITLE STATEMENT
Title Ethical decisions for social work practice.
Statement of responsibility, etc Ralph M. Dolgoff , Franki M. Loewenberg and Donna Harrington
250 ## - EDITION STATEMENT
Edition statement 8th edition /
Remainder of edition statement Ralph Dolgoff, Frank M. Loewenberg, Donna Harrington.
260 ## - PUBLICATION, DISTRIBUTION, ETC. (IMPRINT)
Place of publication, distribution, etc Belmont, CA :
Name of publisher, distributor, etc Thomson Brooks/Cole,
Date of publication, distribution, etc c2009.
300 ## - PHYSICAL DESCRIPTION
Extent 262 pages :
504 ## - BIBLIOGRAPHY, ETC. NOTE
Bibliography, etc Includes bibliographical references (p. 239-257) and index.
650 #0 - SUBJECT ADDED ENTRY--TOPICAL TERM
Topical term or geographic name as entry element Social case work
General subdivision Moral and ethical aspects.
9 (RLIN) 52868
650 #0 - SUBJECT ADDED ENTRY--TOPICAL TERM
Topical term or geographic name as entry element Social workers
General subdivision Professional ethics
Geographic subdivision United States.
9 (RLIN) 52869
650 #0 - SUBJECT ADDED ENTRY--TOPICAL TERM
Topical term or geographic name as entry element Social case work
Geographic subdivision United States.
9 (RLIN) 52870
700 1# - ADDED ENTRY--PERSONAL NAME
Personal name Loewenberg, Frank M.
9 (RLIN) 52871
700 1# - ADDED ENTRY--PERSONAL NAME
Personal name Harrington, Donna.
9 (RLIN) 52872
906 ## - LOCAL DATA ELEMENT F, LDF (RLIN)
a 7
b cbc
c origcop
d 3
e opcn
f 20
g y-gencatlg
942 ## - ADDED ENTRY ELEMENTS (KOHA)
Source of classification or shelving scheme Library of Congress Classification
Koha item type Monograph ( Printed materials)
Holdings
Withdrawn status Lost status Source of classification or shelving scheme Damaged status Not for loan Collection code Home library Current library Shelving location Date acquired Total Checkouts Full call number Barcode Date last seen Price effective from Koha item type
    Library of Congress Classification     Main Collection ARRUPE LIBRARY ARRUPE LIBRARY Main Collection 03/04/2025   HV43 .D59 2009 46700000465 05/05/2026 03/04/2025 Monograph ( Printed materials)

 

Arrupe Library. PO Box MP320 Mt Pleasant, Harare, Zimbabwe
263 242 745411|librarian@aju.ac.zw